| 000 | 00537nam a2200181Ia 4500 | ||
|---|---|---|---|
| 008 | 090124s9999 xx 000 0 und d | ||
| 082 | _b125375 | ||
| 100 | _aक्षेत्रमाडे सुमती | ||
| 245 | _a पतिव्रता | ||
| 250 | _a0 | ||
| 260 | _c1992 | ||
| 300 | _a192 | ||
| 600 | _aक्षेत्रमाडे सुमती | ||
| 630 | _a पतिव्रता | ||
| 700 | _aक्षेत्रमाडे सुमती | ||
| 730 | _a पतिव्रता | ||
| 942 | _cBOOK | ||
| 999 |
_c171463 _d171463 |
||